000017345 001__ 17345
000017345 005__ 20260201174259.0
000017345 022__ $$2(DE-600)2546271-4$$a2194-4946
000017345 022__ $$a0044-2968$$l0044-2968
000017345 022__ $$a0372-9176$$l2366-178X
000017345 022__ $$a2194-4946$$l2194-4946
000017345 022__ $$a2196-7105
000017345 022__ $$a2366-178X
000017345 022__ $$a2366-1798
000017345 0247_ $$2ZDBID$$aPERI:(DE-600)2546071-7
000017345 0247_ $$2ZDBPPN$$aZDPPN:1001087658
000017345 0247_ $$2EZBID$$aPERI:(DE-606)529309
000017345 0247_ $$2EZBID$$aPERI:(DE-606)6660
000017345 0247_ $$2EZBID$$aPERI:(DE-606)529309
000017345 0247_ $$2OCLC$$aOCLC:1056139863
000017345 0247_ $$2JCR$$aJCR:Z KRIST-CRYST MATER
000017345 0247_ $$2ISI$$aWOS:ZEITSCHRIFT FUR KRISTALLOGRAPHIE-CRYSTALLINE MATERIALS
000017345 0247_ $$2SCOPUS$$aSCOPUS:21100407281
000017345 0247_ $$2Medline$$amedline:101653866
000017345 0247_ $$2JCR$$aJCR:Z KRISTALLOGR
000017345 0247_ $$2SCOPUS$$aSCOPUS:110332
000017345 030__ $$2DE-600$$aZKKKA
000017345 030__ $$2DE-600$$aZEKRD
000017345 035__ $$aPERI:(DE-600)2546071-7
000017345 040__ $$a9001$$bger$$cDE-101$$dJOIN²$$eJOIN² journal identification
000017345 041__ $$ager
000017345 044__ $$cXA-DE
000017345 082__ $$222sdnb$$a540$$qDE-600
000017345 08274 $$222sdnb$$a540$$qDE-600
000017345 2100_ $$2DE-600$$aZ. Kristallogr. (Germany)
000017345 2100_ $$2DE-600$$aZ. Kristallogr.
000017345 2100_ $$2iso$$aZ Kristallogr Cryst Mater
000017345 2100_ $$2dnlm$$aZ Kristallogr Cryst Mater
000017345 2100_ $$2iso$$aZ Kristallogr Cryst Mater
000017345 222_0 $$2DE-600$$aZeitschrift für Kristallographie. Crystalline materials$$bInternet
000017345 24220 $$2DE-600$$aZeitschrift für Kristallographie / Crystalline materials$$pCrystalline materials : CM$$yen
000017345 24220 $$2DE-600$$aZeitschrift für Kristallographie$$n[...]$$pCrystalline materials : CM
000017345 245__ $$2DE-600$$aZeitschrift für Kristallographie / Crystalline materials$$honline, print$$pCrystalline materials : CM
000017345 2463_ $$2DE-600$$aZeitschrift für Kristallographie
000017345 2463_ $$aZeitschrift für Kristallographie / Crystalline materials. Crystalline materials
000017345 2463_ $$2DE-600$$aZeitschrift für Kristallographie / Crystalline materials
000017345 2463_ $$aCrystalline materials
000017345 2463_ $$aZeitschrift für Kristallographie, crystalline materials
000017345 2463_ $$aCM
000017345 2463_ $$aZeitschrift für Kristallographie
000017345 260__ $$aBerlin$$bDe Gruyter$$c2010-
000017345 260_1 $$0Host:(DE-Juel1)94$$2DE-Juel1$$aDe Gruyter
000017345 26421 $$32010-2013$$aMünchen$$bOldenbourg
000017345 26431 $$aBerlin$$bDe Gruyter$$c2010-
000017345 3620_ $$2DE-600$$a225.2010 -
000017345 36301 $$2DE-600$$81.1\x$$a225$$i2010
000017345 380__ $$2marcgt$$ajournal
000017345 500__ $$aAutomatically generated record. (Updated: 2025-11-12)
000017345 650_7 $$0ASJC:2500$$2ASJC$$aGeneral Materials Science
000017345 650_7 $$0ASJC:3104$$2ASJC$$aCondensed Matter Physics
000017345 650_7 $$0ASJC:1604$$2ASJC$$aInorganic Chemistry
000017345 65310 $$2EZB-Subject$$aPhysics
000017345 65310 $$2EZB-Subject$$aGeosciences
000017345 65310 $$2EZB-Keyword$$aKristallographie
000017345 77608 $$2DE-600$$dBerlin : de @Gruyter, 2010-$$iErscheint auch als$$nDruck-Ausgabe$$tZeitschrift für Kristallographie / Crystalline materials. Crystalline materials$$w(DE-600)2546271-4$$x2194-4946
000017345 78000 $$2DE-600$$dBerlin : De Gruyter, 1921-2009$$hOnline-Ressource$$iVorg.:$$tZeitschrift für Kristallographie$$w(DE-600)2025162-2$$x2366-1798
000017345 8564_ $$d0$$uhttps://digital.zlb.de/viewer/metadata/1001087658/1/LOG_0000$$yLangzeitarchivierung; 2024-
000017345 8564_ $$d0$$uhttps://ezb.ur.de/?2546071-7$$yEZB
000017345 8564_ $$d0$$uhttps://www.degruyterbrill.com/zkri$$yVerlag; 240.2025 - = kostenfrei
000017345 8801_ $$2DE-600$$aZeitschrift für Kristallographie / Crystalline materials$$pCrystalline materials : CM
000017345 909CO $$ooai:juser.fz-juelich.de:65079$$pauthority$$pauthority:PERI
000017345 909CO $$ooai:juser.fz-juelich.de:65079
000017345 915__ $$0StatID:(DE-HGF)0200$$2StatID$$aDBCoverage$$bSCOPUS$$d2025-11-12
000017345 915__ $$0StatID:(DE-HGF)0300$$2StatID$$aDBCoverage$$bMedline$$d2025-11-12
000017345 915__ $$0StatID:(DE-HGF)0199$$2StatID$$aDBCoverage$$bClarivate Analytics Master Journal List$$d2025-11-12
000017345 915__ $$0StatID:(DE-HGF)1150$$2StatID$$aDBCoverage$$bCurrent Contents - Physical, Chemical and Earth Sciences$$d2025-11-12
000017345 915__ $$0StatID:(DE-HGF)0160$$2StatID$$aDBCoverage$$bEssential Science Indicators$$d2025-11-12
000017345 915__ $$0StatID:(DE-HGF)0113$$2StatID$$aWoS$$bScience Citation Index Expanded$$d2025-11-12
000017345 915__ $$0StatID:(DE-HGF)0150$$2StatID$$aDBCoverage$$bWeb of Science Core Collection$$d2025-11-12
000017345 915__ $$0StatID:(DE-HGF)0100$$2StatID$$aJCR$$bZ KRIST-CRYST MATER : 2022$$d2025-11-12
000017345 915__ $$0StatID:(DE-HGF)0600$$2StatID$$aDBCoverage$$bEbsco Academic Search$$d2025-11-12
000017345 915__ $$0StatID:(DE-HGF)0030$$2StatID$$aPeer Review$$bASC$$d2025-11-12
000017345 915__ $$0StatID:(DE-HGF)9900$$2StatID$$aIF < 5$$d2025-11-12
000017345 930__ $$aCrystalline materials$$dCM
000017345 936__ $$aArtikel "Plagioclase feldspars (Ca1-x Na x )(Al2-x Si2+x )O8: synthesis and characterizations of mechanical weathering relevant to Martian regolith", Jg.42.1(2025),S. 13-27, veröffentlicht am 31.12.2024, ist nicht frei zugänglich.
Erscheint ab 2025 komplett Subscribe to open
000017345 980__ $$aPERI
000017345 980__ $$aAUTHORITY